[Event "Challenge"]
[Site "http://www.queenalice.com/game.php?id=852709"]
[Date "2010.10.31"]
[Round "-"]
[White "theblackfox"]
[Black "einsamkeit"]
[Result "0-1"]
[WhiteElo "1988"]
[BlackElo "1996"]

1. e4 e5 2. Nf3 Nc6 3. Bb5 Nf6 4. O-O Bd6 5. d4 Qe7 6. Bg5 O-O 7. d5 Nd4 8. Nxd4
exd4 9. Qxd4 Bc5 10. Qc3 d6 11. Re1 Bxf2+ 12. Kxf2 Ng4+ 13. Kg1 Qxg5 14. Nd2 Qe5
15. Nf3 Qxc3 16. bxc3 a6 17. Bd3 Re8 18. h3 Nf6 19. Ng5 Nd7 20. a4 a5 21. Bb5
Re7 22. c4 Nc5 23. g4 f6 24. Nf3 h5 25. gxh5 Bxh3 26. Nh4 Re5 27. Ng6 Rxh5 28.
Nf4 Rh4 29. Ng6 Rg4+ 30. Kh2 Rxg6 31. Kxh3 Kf7 32. Bd7 Rh8# 0-1

[Event "Challenge"]
[Site "http://www.queenalice.com/game.php?id=852710"]
[Date "2010.10.31"]
[Round "-"]
[White "einsamkeit"]
[Black "theblackfox"]
[Result "1-0"]
[WhiteElo "2028"]
[BlackElo "1972"]

1. e4 e5 2. Nf3 Nc6 3. Bb5 a6 4. Bxc6 dxc6 5. O-O Qd6 6. b3 Nf6 7. Ba3 c5 8. d4
b5 9. dxe5 Qxd1 10. Rxd1 Nxe4 11. Ne1 Be7 12. Nd3 O-O 13. Re1 Bb7 14. f3 Ng5 15.
Bxc5 Bxc5+ 16. Nxc5 Bc6 17. Kf2 a5 18. Nc3 b4 19. Ne2 Rfe8 20. Nd4 Bd5 21. a3 c6
22. axb4 axb4 23. Rxa8 Rxa8 24. Nd3 Rb8 25. Ra1 h5 26. Ra6 Ne6 27. Nxc6 Rc8 28.
Ne7+ Kh7 29. Nxc8 Nc7 30. Ra4 Ne6 31. Ra7 f5 32. Ne7 Bxb3 33. cxb3 Nd4 34. Nxb4
Nxb3 35. Nxf5 Nc5 36. Rxg7+ Kh8 37. Nd5 Ne6 38. Re7 Ng5 39. Nf6 h4 40. Re8# 1-0

[Event "Challenge"]
[Site "http://www.queenalice.com/game.php?id=855691"]
[Date "2010.11.6"]
[Round "-"]
[White "ymfrancois"]
[Black "einsamkeit"]
[Result "0-1"]
[WhiteElo "1837"]
[BlackElo "1826"]

1. d4 Nf6 2. c4 c5 3. d5 g6 4. Bd2 Bg7 5. Nc3 O-O 6. e3 d6 7. h3 e6 8. dxe6 Bxe6
9. Be2 Nbd7 10. Nf3 Nb6 11. Rb1 Bxc4 12. Bxc4 Nxc4 13. O-O d5 14. Re1 Ne4 15.
Nxe4 dxe4 16. Qc2 exf3 17. Qxc4 Qxd2 18. Qxc5 Rfc8 19. Qb5 Rc2 20. Rf1 fxg2 21.
Kxg2 Qxe3 22. Rbe1 Qb6 23. Re8+ Rxe8 24. Qxe8+ Bf8 25. Kg1 Rxb2 26. h4 Qd4 27.
h5 Qg4+ 28. Kh2 Rb4 29. Qe3 Bd6+ 30. Kh1 Qxh5+ 0-1

[Event "Challenge"]
[Site "http://www.queenalice.com/game.php?id=864124"]
[Date "2010.11.26"]
[Round "-"]
[White "einsamkeit"]
[Black "chesspsico2"]
[Result "1-0"]
[WhiteElo "1852"]
[BlackElo "1865"]

1. d4 d5 2. Nf3 Nf6 3. Nc3 e6 4. g3 c5 5. Bg2 Nc6 6. O-O Be7 7. dxc5 Bxc5 8. Bf4
a6 9. Qd3 O-O 10. Rad1 Bd6 11. Bxd6 Qxd6 12. e4 Qc7 13. exd5 Nb4 14. d6 Qd7 15.
Qd4 Nc6 16. Qb6 Rd8 17. Nd2 Qe8 18. Nb3 Bd7 19. Nc5 Rab8 20. Nxb7 Rdc8 21. Rfe1
Qd8 22. Na4 Qxb6 23. Nxb6 Re8 24. Nxd7 1-0

[Event "Challenge"]
[Site "http://www.queenalice.com/game.php?id=866920"]
[Date "2010.12.3"]
[Round "-"]
[White "ATeixeira"]
[Black "einsamkeit"]
[Result "0-1"]
[WhiteElo "2002"]
[BlackElo "1876"]

1. e4 c5 2. Nf3 Nc6 3. Bb5 d6 4. Bxc6+ bxc6 5. h3 g6 6. O-O Bg7 7. c3 Nf6 8. d3
O-O 9. Na3 Rb8 10. Nc2 c4 11. e5 dxe5 12. Nxe5 cxd3 13. Nxd3 Bf5 14. Nc5 Qxd1
0-1

[Event "Boa Partida!"]
[Site "http://www.queenalice.com/game.php?id=866921"]
[Date "2010.12.3"]
[Round "-"]
[White "einsamkeit"]
[Black "ATeixeira"]
[Result "1-0"]
[WhiteElo "1931"]
[BlackElo "2002"]

1. e4 e6 2. Nf3 d5 3. exd5 exd5 4. d4 Nf6 5. Bd3 Be7 6. O-O O-O 7. Re1 Bg4 8.
Be3 Nbd7 9. h3 Bh5 10. Nbd2 c6 11. Bf4 Bg6 12. Bxg6 hxg6 13. c3 Ne8 14. Qb3 Nb6
15. a4 Bd6 16. Bg5 Qc7 17. a5 Nd7 18. c4 Nef6 19. c5 Bf4 20. Bxf4 Qxf4 21. Qxb7
1-0

[Event "Boa Partida!"]
[Site "http://www.queenalice.com/game.php?id=867041"]
[Date "2010.12.3"]
[Round "-"]
[White "ATeixeira"]
[Black "einsamkeit"]
[Result "0-1"]
[WhiteElo "2002"]
[BlackElo "1905"]

1. e3 Nf6 2. c4 g6 3. Nc3 Bg7 4. d4 c5 5. Nf3 cxd4 6. Nxd4 Nc6 7. Nf3 O-O 8. Be2
d6 9. O-O Be6 10. Ng5 Bd7 11. e4 Qb6 12. Nf3 Rac8 13. Rb1 Bg4 14. Be3 Qa5 15. h3
Bxf3 16. Bxf3 Ne5 17. Be2 Nxc4 18. Bxc4 Rxc4 19. Qd2 Rfc8 20. Nd5 Qxd2 0-1

[Event "Challenge"]
[Site "http://www.queenalice.com/game.php?id=869527"]
[Date "2010.12.8"]
[Round "-"]
[White "archangel"]
[Black "einsamkeit"]
[Result "0-1"]
[WhiteElo "1749"]
[BlackElo "1955"]

1. Nf3 Nf6 2. Nc3 d5 3. d4 c5 4. Bf4 cxd4 5. Qxd4 e6 6. Bxb8 Rxb8 7. Qxa7 Bd7 8.
Ne5 Bd6 9. Nxd7 Nxd7 10. e3 Nc5 11. Bb5+ Ke7 12. Nxd5+ exd5 13. Qa3 Qb6 14. Be2
Be5 15. c3 Ra8 16. Qb4 Qxb4 17. cxb4 Bxb2 18. Rd1 Bc3+ 19. Kf1 Bxb4 20. Rxd5
Rxa2 21. Rd4 Nb3 22. Rd1 Rc8 23. g3 Rcc2 24. Bd3 Rxf2+ 0-1

[Event "Challenge"]
[Site "http://www.queenalice.com/game.php?id=873826"]
[Date "2010.12.19"]
[Round "-"]
[White "einsamkeit"]
[Black "Larbac"]
[Result "1-0"]
[WhiteElo "2012"]
[BlackElo "2001"]

1. Nf3 d5 2. g3 Nf6 3. Bg2 Bf5 4. d3 Nc6 5. O-O h6 6. c3 e5 7. Qb3 Rb8 8. c4 d4
9. Qa4 Be7 10. Nxe5 Bd7 11. Nxc6 Rc8 12. Nxd8 Bxa4 13. Nxb7 c5 14. b4 cxb4 15.
Bb2 Bd8 16. Nd6+ 1-0

[Event "AUTO-OPEN-2104"]
[Site "http://www.queenalice.com/game.php?id=880792"]
[Date "2011.1.3"]
[Round "2"]
[White "einsamkeit"]
[Black "Dolskkier"]
[Result "0-1"]
[WhiteElo "2037"]
[BlackElo "2232"]

1. Nf3 d5 2. c4 c6 3. cxd5 cxd5 4. g3 Nf6 5. Bg2 Nc6 6. O-O e5 7. d4 e4 8. Ne5
Be7 9. Nc3 O-O 10. Bf4 Qb6 11. Qd2 Be6 12. Nxc6 Qxc6 13. Rac1 Qd7 14. f3 exf3
15. exf3 Rac8 16. Rfe1 Rfe8 17. Bf1 a6 18. g4 b5 19. Bd3 b4 20. Ne2 Qa4 21. b3
Qa5 22. Rxc8 Rxc8 23. Bg3 Qb6 24. Kg2 Nd7 25. Rc1 Nf8 0-1

[Event "Challenge"]
[Site "http://www.queenalice.com/game.php?id=883345"]
[Date "2011.1.8"]
[Round "-"]
[White "archangel"]
[Black "einsamkeit"]
[Result "0-1"]
[WhiteElo "1755"]
[BlackElo "2042"]

1. e4 c5 2. c3 Nf6 3. e5 Nd5 4. d4 cxd4 5. cxd4 d6 6. h3 Be6 7. Nf3 Nc6 8. a3
dxe5 9. Nxe5 Nxe5 10. dxe5 a6 11. Bd2 Qb6 12. b4 Rc8 13. Be2 Qd4 14. Ra2 Nf4 15.
O-O Nxe2+ 16. Qxe2 Bxa2 17. Bc3 Qc4 18. Qxc4 Rxc4 19. Bd2 Bxb1 20. Rxb1 g6 21.
b5 Bg7 22. bxa6 bxa6 23. Rb8+ Kd7 24. Rb7+ Rc7 25. Rb6 Bxe5 26. Rxa6 Rb8 27. g3
Bd4 28. Ra4 e5 29. Ba5 Ra8 30. Rxd4+ exd4 31. Bxc7 Kxc7 32. Kf1 Rxa3 0-1

[Event "Challenge"]
[Site "http://www.queenalice.com/game.php?id=898298"]
[Date "2011.2.10"]
[Round "-"]
[White "einsamkeit"]
[Black "eddval"]
[Result "1-0"]
[WhiteElo "2083"]
[BlackElo "2177"]

1. Nf3 d5 2. g3 Bf5 3. Bg2 h6 4. O-O Nf6 5. c4 c6 6. d3 e6 7. cxd5 cxd5 8. Be3
Nc6 9. Nd4 Bg6 10. Nxc6 bxc6 11. Nd2 Ng4 12. Qa4 Nxe3 13. Qxc6+ Ke7 14. Qb7+ Kd6
15. Rfc1 Ke5 16. fxe3 f5 17. Rc6 Kf6 18. Rf1 Be8 19. Ra6 Rb8 20. Qxa7 Bb5 21.
Rxf5+ Kxf5 22. Qf7+ Qf6 23. g4+ Kxg4 24. Bf3+ Kf5 25. Qh5+ Qg5+ 26. Bg4+ 1-0

[Event "Challenge"]
[Site "http://www.queenalice.com/game.php?id=900047"]
[Date "2011.2.13"]
[Round "-"]
[White "einsamkeit"]
[Black "sivic79"]
[Result "1-0"]
[WhiteElo "2064"]
[BlackElo "2027"]

1. Nf3 e6 2. e4 c5 3. Nc3 Be7 4. d4 cxd4 5. Qxd4 Bf6 6. e5 Be7 7. Qg4 Bf8 8. Bd2
h6 9. O-O-O a6 10. Ne4 g6 11. Bd3 Nc6 12. Bc3 Qb6 13. Nd6+ Bxd6 14. exd6 Rh7 15.
Bxg6 fxg6 16. Qxg6+ Rf7 17. Qxg8+ Rf8 18. Qg6+ Rf7 19. Bg7 Qxf2 20. Bxh6 Nd8 21.
Qg8+ 1-0

[Event "Challenge"]
[Site "http://www.queenalice.com/game.php?id=901924"]
[Date "2011.2.17"]
[Round "-"]
[White "einsamkeit"]
[Black "eddval"]
[Result "1-0"]
[WhiteElo "2063"]
[BlackElo "2154"]

1. e4 e5 2. Nf3 Nf6 3. d4 Nxe4 4. Bd3 d5 5. dxe5 Be7 6. O-O Bf5 7. Nd4 Bg6 8. f4
Bc5 9. Be3 f5 10. Nxf5 Bxf5 11. Bxc5 Qh4 12. Bxe4 Bxe4 13. Nc3 Nd7 14. Nxd5
O-O-O 15. Bf2 Qh6 16. Ne7+ Kb8 17. Qd4 Nc5 18. Qxc5 b6 19. Qc4 Qxf4 20. Nc6+ Kb7
21. Nxd8+ Rxd8 22. Rae1 1-0

[Event "The Ramones"]
[Site "http://www.queenalice.com/game.php?id=906431"]
[Date "2011.2.27"]
[Round "-"]
[White "einsamkeit"]
[Black "bobifixer"]
[Result "1-0"]
[WhiteElo "2047"]
[BlackElo "2083"]

1. e4 c5 2. Nf3 d6 3. Nc3 Nc6 4. Bc4 e6 5. d4 cxd4 6. Nxd4 Nxd4 7. Qxd4 Qf6 8.
Bb5+ Bd7 9. Bxd7+ Kxd7 10. Qa4+ Ke7 11. Qb5 b6 12. Bg5 1-0

[Event "Challenge"]
[Site "http://www.queenalice.com/game.php?id=908507"]
[Date "2011.3.4"]
[Round "-"]
[White "einsamkeit"]
[Black "eddval"]
[Result "0-1"]
[WhiteElo "2051"]
[BlackElo "2094"]

1. e4 e5 2. Nf3 Nf6 3. d4 Nxe4 4. Bd3 d5 5. dxe5 Nc5 6. Nc3 c6 7. O-O Be7 8. Be3
Ne6 9. Ne2 Nd7 10. c4 Ndc5 11. cxd5 Qxd5 12. Bc2 Qxd1 13. Raxd1 O-O 14. h3 b6
15. Ned4 Nxd4 16. Nxd4 Bd7 17. Rd2 Rfd8 18. Rfd1 Na6 19. Be4 Rac8 20. Nxc6 Bxc6
21. Rxd8+ Rxd8 22. Rxd8+ Bxd8 23. Bxc6 Nb4 24. Be4 Nxa2 25. Kf1 Nb4 26. Ke2 h6
27. Kd2 Kf8 28. Kc3 Be7 29. Kc4 Ke8 30. Kb5 Kd7 31. Bd2 a6+ 32. Kxb6 Ke6 33. f4
Bd8+ 34. Kc5 a5 35. g4 g6 36. Bc3 Na6+ 37. Kb5 Nc7+ 0-1

[Event "Challenge"]
[Site "http://www.queenalice.com/game.php?id=909540"]
[Date "2011.3.7"]
[Round "-"]
[White "Pero"]
[Black "einsamkeit"]
[Result "1-0"]
[WhiteElo "2068"]
[BlackElo "2079"]

1. e4 c5 2. Nf3 Nc6 3. Nc3 e6 4. Bb5 Nd4 5. Nxd4 cxd4 6. Ne2 Qg5 7. Nxd4 Qc5 8.
c3 e5 9. Qb3 exd4 10. Bc4 Nh6 11. d3 1-0

[Event "Challenge"]
[Site "http://www.queenalice.com/game.php?id=923838"]
[Date "2011.4.9"]
[Round "-"]
[White "einsamkeit"]
[Black "archangel"]
[Result "0-1"]
[WhiteElo "2077"]
[BlackElo "1769"]

1. d4 g6 2. e4 Bg7 3. Nc3 d6 4. Nf3 Bg4 5. Be3 e6 6. h3 Bxf3 7. Qxf3 Nd7 8.
O-O-O Qf6 9. Qxf6 Ngxf6 10. Bd3 Nb6 11. Nb5 O-O 12. Nxc7 Rac8 13. Nb5 a6 14.
Nxd6 Rc7 15. d5 Na4 16. dxe6 fxe6 17. e5 Nd7 18. f4 Bh6 19. Bc4 Nac5 20. b4 b5
21. Bxb5 axb5 22. Nxb5 Nb3+ 23. Kb2 Rb7 24. Kxb3 Nxe5 25. Nd6 Rc7 26. Rhf1 Nd7
27. a4 Bg7 28. c4 Bh6 29. a5 e5 30. g3 exf4 31. Bxf4 g5 32. Be3 Rb8 33. Nb5 Rc6
34. Rxd7 Rg6 35. Nc7 Bf8 36. a6 Rxb4+ 37. Kc3 Rc6 0-1

[Event "Challenge"]
[Site "http://www.queenalice.com/game.php?id=937513"]
[Date "2011.5.13"]
[Round "-"]
[White "Daciolg"]
[Black "einsamkeit"]
[Result "1-0"]
[WhiteElo "2186"]
[BlackElo "2089"]

1. e4 Nc6 2. d4 d5 3. exd5 Qxd5 4. Be3 e5 5. Ne2 Be6 6. c3 O-O-O 7. Nd2 exd4 8.
Nxd4 Nxd4 9. Bxd4 Nf6 10. f3 Bc5 11. Nb3 Bxd4 12. Nxd4 1-0

[Event "Challenge"]
[Site "http://www.queenalice.com/game.php?id=937556"]
[Date "2011.5.13"]
[Round "-"]
[White "einsamkeit"]
[Black "Daciolg"]
[Result "0-1"]
[WhiteElo "2102"]
[BlackElo "2176"]

1. Nf3 d5 2. g3 Nf6 3. Bg2 Bd7 4. O-O g6 5. c4 c6 6. d3 Bg7 7. Nc3 e6 8. Qb3 Bc8
9. cxd5 exd5 10. Be3 O-O 11. Bd4 Nbd7 0-1

[Event "Challenge"]
[Site "http://www.queenalice.com/game.php?id=1107842"]
[Date "2012.9.29"]
[Round "-"]
[White "einsamkeit"]
[Black "archangel"]
[Result "1-0"]
[WhiteElo "2029"]
[BlackElo "1759"]

1. e4 c5 2. Nf3 Nc6 3. d4 cxd4 4. Nxd4 g6 5. Nc3 Bg7 6. Be3 Qa5 7. Be2 e6 8. Nb5
Bxc3+ 9. bxc3 Kf8 10. O-O Kg7 11. Nd6 Nf6 12. Qd2 Ne5 13. Bh6+ Kg8 14. Qf4 Nh5
15. Bxh5 gxh5 16. Qg5+ 1-0